Вып. 52; Динамика и прочность машин

Xehetasun bibliografikoak
Parent link:Динамика и прочность машин: республиканский межведомственный научно-технический сборник/ Харьковский политехнический институт (ХПИ). Вып. 52.— , 1965-1991
Hizkuntza:errusiera
Argitaratua: 1991
Gaiak:
Formatua: Liburua
KOHA link:https://koha.lib.tpu.ru/cgi-bin/koha/opac-detail.pl?biblionumber=130784

MARC

LEADER 00000nam2a2200000 4500
001 130784
005 20231031134040.0
020 |a RU  |b 91-34183ж 
035 |a (RuTPU)RU\TPU\book\141653 
090 |a 130784 
100 |a 20080207d1991 k y0rusy5003 ca 
101 0 |a rus 
102 |a UA 
105 |a a z 001zy 
200 0 |a Вып. 52 
210 |d 1991 
215 |a 133 с.  |c ил. 
320 |a Библиогр. в конце ст. 
461 1 |0 (RuTPU)RU\TPU\book\160090  |t Динамика и прочность машин  |o республиканский межведомственный научно-технический сборник  |f Харьковский политехнический институт (ХПИ)  |v Вып. 52  |d 1965-1991 
610 1 |a машины 
610 1 |a детали машин 
610 1 |a динамика 
610 1 |a сборники 
610 1 |a прочность 
801 0 |a RU  |b RuMRKP  |c 19950417  |g psbo 
801 1 |a RU  |b 63413507  |c 20080207  |g PSBO 
801 2 |a RU  |b 63413507  |c 20151212  |g PSBO 
942 |c BK